000 00568nam a2200193Ia 4500
003 GCL
008 140319s9999 xx 000 0 ara d
040 _aGCL /
_cGCL
082 0 4 _a251.2
_bق ت
100 1 _aابراهيم احمد الجمل
245 1 0 _aالتوبة الى الله /
_cابراهيم احمد الجمل
260 _a[S.N] :
_bدار القلم للتراث
490 _a
650 0 4 _aالاسلام
650 0 4 _aالشريعة الاسلامية
650 0 4 _aالفقه الاسلامى
650 0 4 _aالتوبة
942 _2ddc
_cBK
999 _c56199
_d56199